top 10 rated goalies in nhl 18 - Statistics

General Stats
  • This quiz has been taken 63 times
  • The average score is 4 of 10
Answer Stats
Hint Answer % Correct
92 Carey Price
94%
88 Henrik Lundqvist
60%
90 Braden Holtby
58%
89 Sergei Bobrovsky
52%
88 Tuukka Rask
46%
88 Matt Murray
40%
88 Devan Dubnyk
37%
87 Cam Talbot
23%
89 Cory Schneider
23%
87 Cory Crawford
8%
No matching quizzes found
Score Distribution
Percent of People with Each Score
Percentile by Number Answered
Your Score History
You have not taken this quiz